000 01732nam a2200217 a 4500
001 000027659
005 20200930031010.0
008 110404s2009 ec a 000 0 spa d
040 _aDO-SdBNP
_bspa
_cBNPHU
082 _a341.0266
_bE19m
110 1 _aEcuador
_bMinisterio de Relaciones Exteriores, Comercio e Integración
_954747
240 1 0 _a[Tratados, etc]
245 1 0 _aMemoria histórica de los tratados bilaterales y regionales suscritos por la República del Ecuador de 1830 al 2009.
260 _aQuito, Ecuador :
_bMinisterio de Relaciones Exteriores, Comercio e Integración,
_c2009.
300 _a24 v. :
_bil. ;
_c30 cm.
500 _aEsta recopilación efectuada por la Dirección de Memoria Institucional y la Dirección General de Tratados de la Cancillería, recoge los textos de los instrumentos tanto bilaterales como regionales han sido firmados por el Ecuador.
505 0 _gv.1
_tPeríodo 1830-1839 --
_gv.2
_tPeríodo 1840-1846 --
_gv.3
_tPeríodo 1847-1861 --
_gv.4
_tPeríodo 1862-1874 --
_gv.5
_tPeríodo 1875-1888 --
_gv.6
_tPeríodo 1888-1895 --
_gv.7
_tPeríodo 1897-1904 --
_gv.8
_tPeríodo 1905-1911 --
_gv.9
_tPeríodo 1911-1936 --
_gv.10
_tPeríodo 1936-1942 --
_gv.11
_tPeríodo 1942-1947 --
_gv.12
_tPeríodo 1948-1951 --
_gv.13
_tPeríodo 1952-1967 --
_gv.14
_tPeríodo 1967-1971 --
_gv.15
_tPeríodo 1971-1975 --
_gv.16
_tPeríodo 1975-1980 --
_gv.17
_tPeríodo 1981-1985 --
_gv.18
_tPeríodo 1985-1990 --
_gv.19
_tPeríodo 1990-1993 --
_gv.20
_tPeríodo 1993-1996 --
_gv.21
_tPeríodo 1996-1998 --
_gv.22
_tPeríodo 1998-2001 --
_gv.23
_tPeríodo 2001-2005 --
_gv.24
_tPeríodo 2005-2009 --
651 4 _aEcuador
_xRelaciones Exteriores
_xTratados
_954748
651 4 _aEcuador
_xHistoria
_94781
910 _aValidado. Control de calidad MFF
999 _c27151
_d27151